|
|
|
|
| LEADER |
00000nam a2200000 a 4500 |
| 001 |
vtls001276215 |
| 003 |
SK-MaSNL |
| 005 |
20260301155153.0 |
| 008 |
240313s1936 xx 0 und |
| 035 |
|
|
|a SNK000227455
|
| 040 |
|
|
|a SNK
|b slo
|c SNK
|e AACR2
|
| 100 |
1 |
|
|a Vámoš, Gejza,
|d 1901-1956
|4 aut
|9 110347
|
| 245 |
1 |
|
|a Atomy Boha
|
| 260 |
|
|
|a Bratislava- Praha
|c 1936
|
| 300 |
|
|
|a 250 s.
|
| 999 |
|
|
|c 799787
|d 801717
|
| 952 |
|
|
|t P60, <05>, [BOOK], {605}
|a SNK
|b SNK
|y PREZ
|7 0
|p 17A0038751
|o snkSD 39609/2 D1
|0 0
|1 0
|4 0
|d 1997-02-15
|l 0
|r 2005-01-02 00:00:00
|w 2026-02-24
|
| 952 |
|
|
|t P60, <03>, [BOOK], {603}
|a SNK
|b SNK
|y PREZ
|7 0
|p 17A0058557
|o snkSD 39609/2
|0 0
|1 0
|4 0
|d 1997-04-11
|l 0
|r 2005-01-02 00:00:00
|w 2026-02-24
|